[Event "Titled Tuesday intern op 21st April"]
[Site "Chess.com INT"]
[Date "2020.04.21"]
[Round "7"]
[White "Grischuk, Alexander"]
[Black "Tofighi, Homayoon"]
[Result "1-0"]
[WhiteElo "2777"]
[BlackElo "2228"]
[PlyCount "149"]
[EventDate "2020.04.21"]
[EventType "swiss (blitz)"]
[EventRounds "10"]
[EventCountry "USA"]
[SourceTitle "EXT 2021"]
[Source "ChessBase"]
[SourceDate "2020.10.23"]
[SourceVersion "1"]
[SourceVersionDate "2020.10.23"]
[SourceQuality "1"]

1. Nf3 Nf6 2. g3 e6 3. Bg2 d5 4. 0-0 Be7 5. c4 0-0 6. d3 dxc4 7. dxc4 Qxd1 8. Rxd1 Nc6 9. Bf4 Bd8 10. Nc3 a6 11. a3 Re8 12. h3 e5 13. Be3 Be6 14. Nd2 Rb8 15. Nd5 Nd4 16. Bxd4 exd4 17. Nf4 Bf5 18. Kf1 c5 19. b4 b6 20. Nd3 Be7 21. Nb3 Be6 22. Rdc1 Rec8 23. Ne5 Rc7 24. Rab1 Rbc8 25. bxc5 bxc5 26. Na5 Nd7 27. Nd3 g6 28. Nf4 Bf5 29. Rb3 Nf6 30. g4 Bd6 31. Nd3 Be4 32. Rb6 Be7 33. Rxa6 Rb8 34. Nc6 Bxc6 35. Bxc6 h5 36. g5 Nd7 37. Bxd7 Rxd7 38. h4 Rdb7 39. a4 Rb3 40. a5 Rc3 41. Rb6 Rxb6 42. axb6 Rb3 43. Ra1 Rxb6 44. Ra7 Re6 45. Rc7 Bd6 46. Rc8+ Kg7 47. f4 Re3 48. Kf2 Rh3 49. Rc6 Bf8 50. Ne5 Kg8 51. Rc8 Kg7 52. Rc7 Rxh4 53. Kg3 Rh1 54. Rxf7+ Kg8 55. Rf6 h4+ 56. Kg2 Re1 57. Rxg6+ Kh7 58. Rf6 Bg7 59. Rf7 Rxe2+ 60. Kh3 Kg8 61. Rd7 Bxe5 62. fxe5 Rxe5 63. Kxh4 Re6 64. Kh5 Ra6 65. Rd5 Kf7 66. Rxc5 Rd6 67. g6+ Kg7 68. Rc7+ Kf6 69. Rf7+ Ke6 70. Rf1 d3 71. g7 Rd8 72. Rf8 Rd4 73. g8Q+ Kd6 74. Rd8+ Kc5 75. Rxd4 1-0

[Event "Titled Tuesday intern op 21st April"]
[Site "Chess.com INT"]
[Date "2020.04.21"]
[Round "9"]
[White "Plenca, Jadranko"]
[Black "Tofighi, Homayoon"]
[Result "0-1"]
[WhiteElo "2483"]
[BlackElo "2228"]
[PlyCount "78"]
[EventDate "2020.04.21"]
[EventType "swiss (blitz)"]
[EventRounds "10"]
[EventCountry "USA"]
[SourceTitle "EXT 2021"]
[Source "ChessBase"]
[SourceDate "2020.10.23"]
[SourceVersion "1"]
[SourceVersionDate "2020.10.23"]
[SourceQuality "1"]

1. e4 d5 2. exd5 Qxd5 3. Nc3 Qa5 4. d4 Nf6 5. Bc4 Bg4 6. f3 Bf5 7. Nge2 Nc6 8. Bd2 0-0-0 9. Nd5 Qa4 10. Bb3 Qa6 11. Nxf6 gxf6 12. d5 Na5 13. Nd4 Bg6 14. f4 e5 15. Nf3 Bc5 16. fxe5 fxe5 17. Bxa5 Qxa5+ 18. Qd2 Bb4 19. c3 Bd6 20. 0-0 f5 21. Kh1 Rhg8 22. Ng5 e4 23. Ne6 Rde8 24. Qe2 Qb6 25. c4 Be5 26. c5 Qb4 27. c6 bxc6 28. Rac1 f4 29. Rxc6 f3 30. Qa6+ Qb7 31. Qxb7+ Kxb7 32. gxf3 exf3 33. Nc5+ Kc8 34. d6 Bxd6 35. Bxg8 Rxg8 36. Rxf3 Be8 37. Rxd6 cxd6 38. Ne4 Bc6 39. Rc3 Kd7 0-1

[Event "Titled Tuesday intern op1 3rd March  "]
[Site "Chess.com INT"]
[Date "2020.03.03"]
[Round "9"]
[White "Asgarizadeh, Ahmad"]
[Black "Tofighi, Homayoon"]
[Result "0-1"]
[WhiteElo "2452"]
[BlackElo "2228"]
[PlyCount "68"]
[EventDate "2020.03.03"]
[EventType "swiss (blitz)"]
[EventRounds "10"]
[EventCountry "USA"]
[SourceTitle "EXT 2021"]
[Source "ChessBase"]
[SourceDate "2020.10.23"]
[SourceVersion "1"]
[SourceVersionDate "2020.10.23"]
[SourceQuality "1"]

1. e4 d5 2. exd5 Qxd5 3. Nc3 Qa5 4. d4 Nf6 5. Bc4 Bg4 6. f3 Bf5 7. Nge2 Nc6 8. Bd2 Qb4 9. Bb5 0-0-0 10. Bxc6 bxc6 11. Ne4 Qb6 12. N4g3 Bg6 13. f4 e6 14. c3 c5 15. Qa4 Qxb2 16. Rd1 Bc2 17. Qa6+ Kb8 18. Rc1 Rd6 19. Qc4 Be7 20. 0-0 h5 21. Be3 Nd5 22. Bf2 Nb6 23. Qxc5 h4 24. Nh5 Bd3 25. Rfe1 Bxe2 26. Rb1 Qc2 27. Nxg7 Rg8 28. Nh5 Qg6 29. Ng3 hxg3 30. Bxg3 Bd3 31. Rb2 Be4 32. c4 Rd7 33. Qe5 Bf6 34. Qxe4 Bxd4+ 0-1

[Event "Titled Tuesday intern op1 3rd March  "]
[Site "Chess.com INT"]
[Date "2020.03.03"]
[Round "8"]
[White "Tofighi, Homayoon"]
[Black "Pichot, Alan"]
[Result "1/2-1/2"]
[WhiteElo "2228"]
[BlackElo "2621"]
[PlyCount "106"]
[EventDate "2020.03.03"]
[EventType "swiss (blitz)"]
[EventRounds "10"]
[EventCountry "USA"]
[SourceTitle "EXT 2021"]
[Source "ChessBase"]
[SourceDate "2020.10.23"]
[SourceVersion "1"]
[SourceVersionDate "2020.10.23"]
[SourceQuality "1"]

1. e4 e5 2. Nf3 Nc6 3. Bc4 Bc5 4. c3 Nf6 5. d4 exd4 6. cxd4 Bb4+ 7. Nc3 Nxe4 8. 0-0 Bxc3 9. d5 0-0 10. bxc3 Ne7 11. Re1 Nf6 12. d6 Nf5 13. Bf4 Nxd6 14. Bxd6 cxd6 15. Qxd6 Qb6 16. Rad1 Qxd6 17. Rxd6 Re8 18. Ne5 Re7 19. f4 Kf8 20. Red1 h5 21. R1d4 b6 22. a4 Bb7 23. Bxf7 Rxf7 24. Nxf7 Kxf7 25. Rxd7+ Nxd7 26. Rxd7+ Kf6 27. Rxb7 Rc8 28. Rxa7 Rxc3 29. Ra6 Kf5 30. Rxb6 Kxf4 31. Rb4+ Kg5 32. Rb5+ Kg4 33. a5 Rc1+ 34. Kf2 Rc2+ 35. Ke3 Rxg2 36. Rb4+ Kh3 37. Ra4 Rb2 38. a6 Rb8 39. a7 Ra8 40. Kf4 Kxh2 41. Kg5 Kg3 42. Kxh5 Kf3 43. Kg6 Ke3 44. Kxg7 Kd3 45. Kf7 Kc3 46. Ke7 Kb3 47. Ra6 Kb4 48. Kd7 Kb5 49. Ra1 Kb6 50. Kd6 Rxa7 51. Rb1+ Ka5 52. Ra1+ Kb6 53. Rxa7 Kxa7 1/2-1/2

[Event "Titled Tuesday intern op 6th Aug"]
[Site "Chess.com INT"]
[Date "2019.08.06"]
[Round "3"]
[White "Sabuk, Piotr"]
[Black "Tofighi, Homayoon"]
[Result "0-1"]
[WhiteElo "2396"]
[BlackElo "2228"]
[PlyCount "106"]
[EventDate "2019.08.06"]
[EventType "swiss (blitz)"]
[EventRounds "10"]
[EventCountry "USA"]
[SourceTitle "EXT 2021"]
[Source "ChessBase"]
[SourceDate "2020.10.23"]
[SourceVersion "1"]
[SourceVersionDate "2020.10.23"]
[SourceQuality "1"]

1. d4 e6 2. Nf3 Nf6 3. c4 Bb4+ 4. Bd2 Bxd2+ 5. Qxd2 b6 6. Nc3 Bb7 7. e3 0-0 8. Be2 d6 9. 0-0 Nbd7 10. b4 e5 11. d5 Qe7 12. Qc2 g6 13. Nd2 c6 14. dxc6 Bxc6 15. e4 Rfc8 16. Qb3 Nf8 17. Nd5 Nxd5 18. cxd5 Bb7 19. Bg4 Rc7 20. Qe3 Bc8 21. Be2 Bb7 22. Bg4 Bc8 23. Be2 Bd7 24. Rfc1 Rac8 25. Nb3 f5 26. exf5 gxf5 27. Ba6 Rxc1+ 28. Rxc1 Rxc1+ 29. Nxc1 Ng6 30. Nd3 Be8 31. g3 Bf7 32. Qc1 Bxd5 33. Qc8+ Kg7 34. Qxf5 Bxa2 35. h4 Qe6 36. Qg5 h6 37. Qd8 e4 38. Nc1 Bd5 39. Ne2 e3 40. Bd3 exf2+ 41. Kxf2 Ne5 42. Nf4 Nxd3+ 43. Nxd3 Qf6+ 44. Qxf6+ Kxf6 45. Ke3 Kf5 46. Nf2 h5 47. Nd3 a5 48. bxa5 bxa5 49. Nf4 Bf7 50. Ne2 a4 51. Nd4+ Kg4 52. Kf2 a3 53. Nc2 a2 0-1

[Event "Titled Tuesday intern op 6th Aug"]
[Site "Chess.com INT"]
[Date "2019.08.06"]
[Round "5"]
[White "Tofighi, Homayoon"]
[Black "Andreikin, Dmitry"]
[Result "1/2-1/2"]
[WhiteElo "2228"]
[BlackElo "2743"]
[PlyCount "79"]
[EventDate "2019.08.06"]
[EventType "swiss (blitz)"]
[EventRounds "10"]
[EventCountry "USA"]
[SourceTitle "EXT 2021"]
[Source "ChessBase"]
[SourceDate "2020.10.23"]
[SourceVersion "1"]
[SourceVersionDate "2020.10.23"]
[SourceQuality "1"]

1. e4 e5 2. Nf3 Nc6 3. Bb5 Nf6 4. 0-0 Nxe4 5. Re1 Nd6 6. Nxe5 Be7 7. Bf1 Nf5 8. Nf3 0-0 9. d4 d5 10. c3 Re8 11. Bd3 Bd6 12. Rxe8+ Qxe8 13. Nbd2 Nce7 14. Nf1 f6 15. Ng3 Nxg3 16. hxg3 c6 17. Qe2 Bf5 18. Bf4 Bxf4 19. gxf4 Bxd3 20. Qxd3 Qd7 21. Re1 Re8 22. Nh4 Ng6 23. Rxe8+ Qxe8 24. Nxg6 hxg6 25. Kf1 Kf7 26. Qe2 Qh8 27. Kg1 Qh4 28. g3 Qh3 29. Qe3 Qf5 30. Qc1 Qe4 31. Qd1 b5 32. a4 a6 33. axb5 axb5 34. Qa1 g5 35. fxg5 fxg5 36. Qa8 Qb1+ 37. Kg2 Qe4+ 38. Kg1 Qe1+ 39. Kg2 Qe4+ 40. Kg1 1/2-1/2

[Event "Titled Tuesday intern op 6th Aug"]
[Site "Chess.com INT"]
[Date "2019.08.06"]
[Round "7"]
[White "Tofighi, Homayoon"]
[Black "Martirosyan, Haik M"]
[Result "1-0"]
[WhiteElo "2228"]
[BlackElo "2619"]
[PlyCount "87"]
[EventDate "2019.08.06"]
[EventType "swiss (blitz)"]
[EventRounds "10"]
[EventCountry "USA"]
[SourceTitle "EXT 2021"]
[Source "ChessBase"]
[SourceDate "2020.10.23"]
[SourceVersion "1"]
[SourceVersionDate "2020.10.23"]
[SourceQuality "1"]

1. d4 Nf6 2. Nf3 e6 3. g3 b6 4. Bg2 Bb7 5. 0-0 Be7 6. c4 0-0 7. Nc3 d5 8. Ne5 Nbd7 9. Qa4 c6 10. Nxc6 Bxc6 11. Qxc6 Rc8 12. Qa4 Rxc4 13. Qxa7 Rxd4 14. b3 Bc5 15. Na4 Qa8 16. Qxa8 Rxa8 17. e3 Rdxa4 18. bxa4 Rxa4 19. Bb2 Kf8 20. Rfb1 Ke7 21. Bf1 Ne4 22. Bb5 Ra7 23. a4 f6 24. Kg2 Ne5 25. Bd4 Nd6 26. a5 Nxb5 27. axb6 Bxb6 28. Rxa7+ Bxa7 29. Bxa7 Nc3 30. Rb7+ Nd7 31. Bc5+ Ke8 32. Bd6 Ne4 33. Bb4 Ng5 34. h4 Nf7 35. h5 Nfe5 36. Bd6 Nc4 37. Bb4 Nce5 38. Ra7 Nc6 39. Ra8+ Kf7 40. Ba3 Nce5 41. Rd8 g5 42. f4 gxf4 43. exf4 Nc4 44. Rxd7+ 1-0

[Event "Titled Tuesday intern op 2nd Febr"]
[Site "Chess.com INT"]
[Date "2019.02.05"]
[Round "2"]
[White "Mousavian, Hamed"]
[Black "Tofighi, Homayoon"]
[Result "1/2-1/2"]
[WhiteElo "2540"]
[BlackElo "2228"]
[PlyCount "155"]
[EventDate "2019.02.05"]
[EventType "swiss (blitz)"]
[EventRounds "10"]
[EventCountry "USA"]
[SourceTitle "EXT 2021"]
[Source "ChessBase"]
[SourceDate "2020.10.23"]
[SourceVersion "1"]
[SourceVersionDate "2020.10.23"]
[SourceQuality "1"]

1. e4 d5 2. exd5 Qxd5 3. Nc3 Qa5 4. d4 Nf6 5. Nf3 Bg4 6. h3 Bh5 7. g4 Bg6 8. Ne5 Nbd7 9. Nc4 Qa6 10. Bf4 Qe6+ 11. Ne3 Qb6 12. Bg2 e6 13. Qd2 Bb4 14. 0-0 0-0 15. a3 Bd6 16. Nc4 Bxf4 17. Qxf4 Qa6 18. Ne3 c6 19. Rfe1 Nd5 20. Ncxd5 cxd5 21. h4 h5 22. gxh5 Bxh5 23. b3 Nf6 24. c4 dxc4 25. bxc4 Rad8 26. Rab1 b6 27. d5 Qxa3 28. Ra1 Qc3 29. Rec1 Qd2 30. Rc2 Qb4 31. dxe6 fxe6 32. Rxa7 Bg6 33. Qg5 Kh7 34. Rc1 Qb2 35. Rf1 Rd7 36. Rxd7 Nxd7 37. Qe7 Qd4 38. h5 Bxh5 39. Qxe6 Ne5 40. Qh3 g6 41. Rd1 Qf4 42. Rd2 Kg7 43. Ra2 Rf7 44. Bd5 Nf3+ 45. Kg2 Nh4+ 46. Kf1 Rf8 47. Qd7+ Kh6 48. Qe7 Nf3 49. Rc2 Ng5 50. Ng2 Qf6 51. Qxf6 Rxf6 52. c5 bxc5 53. Rxc5 Nh3 54. Rc2 Rd6 55. Ne3 Nf4 56. Be4 Re6 57. Bd5 Rd6 58. Be4 Re6 59. Bc6 Rd6 60. Be4 Rd4 61. Bc6 Rb4 62. f3 Rb1+ 63. Kf2 Nd3+ 64. Ke2 Nf4+ 65. Kf2 Nd3+ 66. Ke2 Nb4 67. Rc4 Rb2+ 68. Kf1 Nd3 69. Be4 Ne5 70. Rc3 Kg5 71. Bc2 Nxf3 72. Rc5+ Kf4 73. Kf2 Ne5 74. Ng2+ Kg4 75. Ne3+ Kf4 76. Ng2+ Kg4 77. Ne3+ Kf4 78. Ng2+ 1/2-1/2

[Event "Titled Tuesday intern op 2nd Febr"]
[Site "Chess.com INT"]
[Date "2019.02.05"]
[Round "6"]
[White "Rasulov, Vugar Ural Oglu"]
[Black "Tofighi, Homayoon"]
[Result "0-1"]
[WhiteElo "2533"]
[BlackElo "2228"]
[PlyCount "143"]
[EventDate "2019.02.05"]
[EventType "swiss (blitz)"]
[EventRounds "10"]
[EventCountry "USA"]
[SourceTitle "EXT 2021"]
[Source "ChessBase"]
[SourceDate "2020.10.23"]
[SourceVersion "1"]
[SourceVersionDate "2020.10.23"]
[SourceQuality "1"]

1. e4 e6 2. d4 d5 3. Nd2 Nf6 4. e5 Nfd7 5. Bd3 c5 6. c3 Nc6 7. Ne2 Qb6 8. Nf3 cxd4 9. cxd4 Bb4+ 10. Bd2 Bxd2+ 11. Qxd2 f6 12. exf6 Nxf6 13. 0-0 0-0 14. Ng3 Bd7 15. a3 Rae8 16. b4 a6 17. Rae1 Ng4 18. Qg5 Nf6 19. Qh4 h6 20. Re2 Nd8 21. Ne5 Bb5 22. Bxb5 Qxb5 23. Rfe1 Nc6 24. h3 Qb6 25. Nxc6 Qxc6 26. Nh5 Nxh5 27. Qxh5 Qc3 28. Qg4 Qxa3 29. Rxe6 Rxe6 30. Qxe6+ Kh7 31. Qe7 Rf6 32. Qxb7 Qb2 33. Rf1 Qxd4 34. Qe7 Qf4 35. g3 Qf5 36. h4 d4 37. Qc5 Qd7 38. Rd1 d3 39. Qe3 Rd6 40. Qe4+ Kg8 41. Rd2 Rd4 42. Qa8+ Kh7 43. Qxa6 Qe7 44. Rxd3 Qe2 45. Ra3 Rd1+ 46. Kg2 Qe4+ 47. Rf3 Qe1 48. g4 Qg1+ 49. Kh3 Qh1+ 50. Kg3 Rg1+ 51. Kf4 Qh2+ 52. Kf5 Re1 53. Rf4 Qxh4 54. Qg6+ Kg8 55. Re4 Qxf2+ 56. Ke5 Qg3+ 57. Ke6 Qb3+ 58. Kd6 Qd3+ 59. Ke5 Qc3+ 60. Kd5 Qd3+ 61. Ke5 Qc3+ 62. Kd6 Rd1+ 63. Ke7 Qc7+ 64. Ke6 Rd6+ 65. Kf5 Rxg6 66. Kxg6 Qc6+ 67. Kf5 Qd5+ 68. Kf4 g5+ 69. Ke3 Qb3+ 70. Kd2 Kf7 71. Rd4 Ke6 72. Rd3 0-1

[Event "Asia-ch U16"]
[Site "Tehran"]
[Date "2004.04.05"]
[Round "3"]
[White "Khamrakulov, Djurabek"]
[Black "Tofighi, Homayoon"]
[Result "1-0"]
[WhiteElo "2200"]
[BlackElo "2228"]
[PlyCount "27"]
[EventDate "2004.04.03"]
[EventType "swiss"]
[EventRounds "9"]
[EventCountry "IRI"]
[SourceTitle "CBM 099 Extra"]
[Source "ChessBase"]
[SourceDate "2004.05.04"]
[SourceVersion "1"]
[SourceVersionDate "2004.05.04"]
[SourceQuality "1"]

1. e4 d6 2. d4 g6 3. Bc4 Bg7 4. Nf3 Nf6 5. Qe2 0-0 6. e5 dxe5 7. dxe5 Nd5 8. 0-0 Nb6 9. Bb3 c5 10. e6 f5 11. Rd1 Qc7 12. Na3 a6 13. g3 Nc6 14. Bf4 1-0